|
|
|
|
| LEADER |
00000nam0a2200000 4500 |
| 001 |
109964 |
| 005 |
20231031120232.0 |
| 010 |
|
|
|a 9785922107723
|
| 035 |
|
|
|a (RuTPU)RU\TPU\book\118760
|
| 090 |
|
|
|a 109964
|
| 100 |
|
|
|a 20070216d2007 m y0rusy50 ca
|
| 101 |
0 |
|
|a rus
|
| 102 |
|
|
|a RU
|
| 105 |
|
|
|a a j 001zy
|
| 200 |
1 |
|
|a Высшая математика. Краткий курс
|e учебное пособие
|f В. И. Михеев, Ю. В. Павлюченко
|
| 210 |
|
|
|a Москва
|c Физматлит
|d 2007
|
| 215 |
|
|
|a 197 с.
|c ил.
|
| 320 |
|
|
|a Библиогр.: с. 196.
|
| 330 |
|
|
|a Пособие по высшей математике, содержащее все основные разделы курса, предназначено в первую очередь для студентов тех направлений и специальностей, для которых предусмотрен укороченный (односеместровый) курс высшей математики. В конце каждого раздела имеются вопросы и задачи для самопроверки, а также домашние и аудиторные задания. В конце пособия приведено примерное содержание заключительной практической или экзаменационной работы, рассчитанной на студента, изучившего все представленные в пособии разделы математики. Подготовлено на кафедре высшей математики Российского университета дружбы народов. Допущено Министерством образования и науки Российской Федерации в качестве учебного пособия для студентов высших учебных заведений, обучающихся по нематематическим направлениям подготовки и специальностям.
|
| 610 |
1 |
|
|a математика
|
| 610 |
1 |
|
|a высшая математика
|
| 610 |
1 |
|
|a алгебра
|
| 610 |
1 |
|
|a геометрия
|
| 610 |
1 |
|
|a линейные уравнения
|
| 610 |
1 |
|
|a аналитическая геометрия
|
| 610 |
1 |
|
|a числовые последовательности
|
| 610 |
1 |
|
|a пределы
|
| 610 |
1 |
|
|a функции
|
| 610 |
1 |
|
|a непрерывность
|
| 610 |
1 |
|
|a дифференцирование
|
| 610 |
1 |
|
|a производные
|
| 610 |
1 |
|
|a интегрирование
|
| 610 |
1 |
|
|a учебные пособия
|
| 675 |
|
|
|a 51(075.8)
|v 3
|
| 700 |
|
1 |
|a Михеев
|b В. И.
|g Виктор Иванович
|
| 701 |
|
1 |
|a Павлюченко
|b Ю. В.
|g Юрий Витальевич
|
| 801 |
|
1 |
|a RU
|b 63413507
|c 20070216
|g PSBO
|
| 801 |
|
2 |
|a RU
|b 63413507
|c 20120504
|g PSBO
|
| 900 |
|
|
|a Высшая математика
|
| 942 |
|
|
|c BK
|
| 952 |
|
|
|a 540000
|
| 959 |
|
|
|a 17/20070215
|d 2
|e 380,60
|f ЧЗТЛ:2
|